000 00632nam a2200241Ia 4500
003 OSt
005 20220928145457.0
006 a|||||r|||| 00| 0
007 ta
008 220927b |||||||| |||| 00| 0 eng d
024 _a80773
037 _cTextual
040 _aSDCL
_cSDCL
_beng
041 _2eng
_aeng
082 _aX65, L4
100 _aBellemore Douglas H
_9513131
245 0 _aInvestments
_b Principles, practices and analyses.
250 _a4
260 _c1974
700 _a Ritchie John C
_9513132
942 _hX65, L4
_cTEXL
_2CC
999 _c833780
_d833780